Statistiken für Top 15 der betroffenen Covid-19-Länder - 17. November 2021

Klicken Sie hier um das Quiz zu spielen!

Allgemein

  • Dieses Quiz wurde 18 mal gespielt
  • Das Durchschnittsergebnis liegt bei 16 aus 28

Antwortstatistiken

Land% Korrekt
Deutschland
93%
Brasilien
87%
Frankreich
87%
Russland
87%
Vereinigte Staaten
87%
Indien
80%
Italien
80%
Spanien
80%
Vereinigtes Königreich
80%
Belgien
73%
Niederlande
73%
Iran
67%
Mexiko
67%
Türkei
67%
Kolumbien
60%
Tschechien
60%
Argentinien
53%
Indonesien
53%
Schweden
53%
Israel
40%
Kroatien
33%
Slowenien
33%
Estland
27%
Bahrain
20%
Georgien
20%
Lettland
20%
Litauen
20%
Serbien
13%

Verteilung der Resultate

Perzentil nach korrekt beantworteten Fragen

Anzahl Personen mit jedem Resultat

Ihre Resultats-Entwicklung

Sie haben dieses Quiz noch nicht gespielt